[Event "FIDE World Cup-A"]
[Site "Shenyang"]
[Date "2000.09.05"]
[Round "5"]
[White "Morozevich, Alexander"]
[Black "Milos, Gilberto"]
[Result "0-1"]
[WhiteElo "2756"]
[BlackElo "2633"]
[PlyCount "76"]
[EventDate "2000.08.01"]
[Source "ChessBase"]
[SourceDate "2000.11.21"]

1. e4 c5 2. Nf3 Nc6 3. Bb5 e6 4. O-O Nge7 5. Re1 Nd4 6. Nxd4 cxd4 7. d3 g6 8. Ba4 Bg7 9. Nd2 O-O 10. f4 d6 11. Nf3 Bd7 12. Bb3 a5 13. a4 b5 14. axb5 Bxb5 15. f5 gxf5 16. Ng5 h6 17. exf5 Nxf5 18. Nxf7 Rxf7 19. Bxe6 Qf6 20. Qf3 Raa7 21. Bxf7+ Qxf7 22. Rf1 Bd7 23. Bd2 a4 24. c4 Qg6 25. Qe4 Kh7 26. b4 Bc8 27. h3 h5 28. Rae1 Rf7 29. Rf2 Be5 30. Qa8 Bb7 31. Qe8 Bg3 32. Ref1 Bxf2+ 33. Rxf2 Rg7 34. Qxg6+ Kxg6 35. Bf4 h4 36. b5 Kf6 37. Kh2 Ke6 38. Re2+ Kd7 0-1

[Event "4th IECC"]
[Site "Istanbul"]
[Date "2003.06.08"]
[Round "9"]
[White "McShane, Luke J"]
[Black "Grischuk, Alexander"]
[Result "0-1"]
[WhiteElo "2592"]
[BlackElo "2701"]
[PlyCount "116"]
[EventDate "2003.05.30"]
[Source "Roberto Alvarez"]
[SourceDate "2003.06.23"]

1. e4 c5 2. Nf3 Nc6 3. Bb5 e6 4. Bxc6 bxc6 5. b3 Ne7 6. Bb2 Ng6 7. h4 h5 8. e5 c4 9. bxc4 Rb8 10. Bc3 c5 11. d3 Be7 12. Nbd2 f5 13. g3 Bb7 14. Qe2 Qb6 15. Rg1 Qc6 16. a4 Ba8 17. Nh2 Rh6 18. f4 Nh8 19. Ndf3 Nf7 20. Kd2 Rh8 21. Ne1 g6 22. Nhf3 Kf8 23. Kc1 Qc7 24. Nd2 Nd8 25. Nb3 Nc6 26. Nf3 Nb4 27. Nfd2 Kf7 28. Kb2 a5 29. Nb1 Bc6 30. Be1 Rhe8 31. Nc3 d5 32. exd6 Bxd6 33. Nb5 Bxb5 34. axb5 e5 35. Qg2 e4 36. Rxa5 Bf8 37. Bc3 exd3 38. cxd3 Bg7 39. Bxg7 Kxg7 40. Rd1 Kh6 41. Ka3 Re3 42. Qb2 Nxd3 43. Qd2 Nb4 44. Ra4 Rbe8 45. Rxb4 Re2 46. Ra4 Rxd2 47. Rxd2 Re3 48. Ra8 Qg7 49. Ka2 Qc3 50. Rb2 Qxc4 51. b6 Qd5 52. Ra5 Rc3 53. Rb5 Qc4 54. Ra5 Qb4 55. Rxc5 Qa4+ 56. Kb1 Rxb3 57. Rcc2 Rxg3 58. Rc1 Ra3 0-1